000 00663nam a2200265Ia 4500
001 41717
005 20240114003435.0
007 ta
008 080428s2004 g b000 u asm u
020 _a81-7665-210-5
040 _aCotton College,Assam
041 _aasm
082 _a891.41
_bSa 74 Ma
100 _aSaikia, Jadunath .
245 0 _aMaa /
_cMaxxim Gorkee.
_hTextual Documents
250 _a4th ed /
260 _aGuwahati :
_bStudents Stores ,
_c2004.
300 _a331pg ;
_c22m.
653 _aMaa
653 _aG-Assamese
653 _aClass Struggle-Communism
942 _2ddc
_cBK
999 _c41684
_d41684